000 00331nam a2200133 a 4500
005 20140414093843.0
008 090424s19uu xx 00 eng d
050 _aDVD 791.43
_bAMI 1999
100 _aSpielberg, Steven
245 _aAmistad /
_cSteven Spielberg.
650 _aMotion pictures.
942 _cAVM
999 _c109445
_d109445